| 000 | 00000nam 2200000za 4500 |
| 001 | 9.694259 |
| 003 | CaOODSP |
| 005 | 20210827140422 |
| 007 | cr ||||||||||| |
| 008 | 150407|1992||||xxc|||||o f|0| 0 eng d |
| 040 | |aCaOODSP|beng |
| 043 | |an-cn--- |
| 086 | 1 |aH14-57/1992E-PDF |
| 110 | 1 |aCanada. |bNational Health and Welfare. |
| 245 | 10|aMaking a difference II : |h[electronic resource]|bthe impact of the Health Promotion Directorate's social marketing campaigns 1991-1992 |
| 250 | |a[Second edition] |
| 260 | |aOttawa - Ontario : |bNational Health and Welfare |c[1992]. |
| 300 | |a94p.|bgraphs, illus., tables |
| 500 | |aFor a revised edition, please see H14-57/1993E-PDF. For an earlier edition, please see H14-57/1991E-PDF. |
| 520 | 3 |a"This report, Making a Difference II, updates and replaces the 1991 publication entitled Making a Difference. It presents an overview of federal health promotion social marketing campaigns and summarizes four campaign evaluations conducted since the 1991 release of Making a Difference."--Preface. |
| 590 | |a11-05-Supp|b2011-03-15 |
| 690 | 07|aAdolescents|2gcpds |
| 690 | 07|aHealth promotion|2gcpds |
| 690 | 07|aSocial programs|2gcpds |
| 775 | 08|tUne entreprise fructueuse II : |w(CaOODSP)9.638435 |
| 794 | |t[Still making a difference] : |w(CaOODSP)9.694257 |
| 795 | |tMaking a difference : |w(CaOODSP)9.694256 |
| 856 | 40|ahttp://publications.gc.ca|qPDF|s40 MB|uhttps://publications.gc.ca/collections/collection_2011/sc-hc/H14-57-1992-eng.pdf |